Quizzes
Events
Quiz Creation
Community
Videos
Private Events
Remove Ads
Sign In
Join for FREE
Feedback
Dark Mode
Quiz Categories
Sports
Geography
Music
Movies
Television
Just For Fun
Miscellaneous
History
Literature
Language
Science
Gaming
Entertainment
Religion
Holiday
For Kids
Quiz Lab
Recent
Popular Today
Quiz Kudos Today
Editor Picks
Curator Picks
Quizzes by...
Day
Popularity
Type
Ratings
Length
Year
Community
Subscriptions
Recent Discussions
Orange Saloon
Badges
Playlists
Quests
Create
Leaderboards
Showdown
Live 5
Trivia Bingo
Activity
Puzzle Library
Sporcle Events
Private Events
Virtual Trivia
Globe League
Become a Host
Pub Owners
SporcleCon
Opinionation
Our Games
Videos
Blog
Mobile Apps
Partnerships
Remove Ads and Go Orange
Feedback
Music
Pop Music
The Beatles
Song
Album
Lyrics
Bands
Singers
Artist
Clip
Rock
Rap
Classical
Billboard
Country Music
Kpop
Taylor Swift
Music
Pop Music
The Beatles
Song
Album
Lyrics
Bands
Singers
Artist
Clip
Rock
Rap
Classical
Billboard
Country Music
Kpop
Taylor Swift
Random Quiz
Search Sporcle
×
Quiz Lab
Quiz Lab
Music
Rock
Type in answers that appear in a list
Type in answers that appear in a list
Classic
Best Score? Go Orange.
The Seeker Lyrics Stats
Can you name the The Seeker Lyrics
By
amcarthy1
10m
227 Questions
222 Plays
222 Plays
222 Plays
Comments
Comments
Give Quiz Kudos
Give Quiz Kudos
-
- Ratings
hide this ad
Replay
Link that replays current quiz
Next Quiz
Link to next quiz in quiz playlist
You Got
0%
They Got
Avg Score
80%
Avg Friend Score
Upgrade to see
Score Distribution
Jump to the score distribution portion of the page
Score
0/227
Timer
10:00
0
Plays Today
Answer
% Correct
the
99.1%
The
99.1%
and
99.1%
I
99.1%
the
99.1%
I
99.1%
I
99.1%
I
99.1%
The
99.1%
I
99.1%
The
99.1%
and
99.1%
I
99.1%
the
99.1%
I
99.1%
I
99.1%
I
99.1%
a
99.1%
a
99.1%
I
99.1%
the
99.1%
I
99.1%
I
99.1%
a
99.1%
and
99.1%
I
99.1%
I
99.1%
and
99.1%
The
99.1%
and
99.1%
I
99.1%
the
99.1%
I
99.1%
I
99.1%
the
99.1%
I
99.1%
me
92.3%
me
92.3%
me
92.3%
me,
92.3%
me.
92.3%
me
92.3%
to
90.1%
to
90.1%
to
90.1%
to
90.1%
to
90.1%
to
90.1%
to
90.1%
to
90.1%
to
90.1%
to
90.1%
They
89.6%
what
89.6%
They
89.6%
what
89.6%
they
89.6%
what
89.6%
what
89.6%
They
89.6%
what
89.6%
what
89.6%
I'm
88.3%
I'm
88.3%
I'm
88.3%
I'm
88.3%
I'm
88.3%
I'm
88.3%
I'm
88.3%
I'm
88.3%
I'm
88.3%
I've
87.8%
I've
87.8%
I've
87.8%
Seeker,
87.8%
I've
87.8%
Answer
% Correct
Seeker,
87.8%
I've
87.8%
Seeker,
87.8%
I've
87.8%
Seeker,
87.8%
I've
87.8%
day
86.9%
day
86.9%
day
86.9%
day
86.9%
day
86.9%
call
86.5%
been
86.5%
call
86.5%
been
86.5%
call
86.5%
been
86.5%
get
85.6%
get
85.6%
get
85.6%
get
85.6%
get
85.6%
get
85.6%
get
85.6%
get
85.6%
get
85.6%
get
85.6%
die.
85.1%
die.
85.1%
die.
85.1%
die.
85.1%
die.
85.1%
high.
84.7%
he
84.7%
high.
84.7%
high.
84.7%
searching
84.2%
searching
84.2%
searching
84.2%
low
83.8%
low
83.8%
do.
83.8%
low
83.8%
As
83.3%
you.
83.3%
look
82.9%
but
81.1%
but
81.1%
but
81.1%
don't
81.1%
don't
81.1%
won't
80.6%
'till
80.6%
won't
80.6%
'till
80.6%
won't
80.6%
'till
80.6%
won't
80.6%
'till
80.6%
won't
80.6%
'till
80.6%
after
80.2%
after
80.2%
after
80.2%
know
80.2%
know
80.2%
after
80.2%
after
80.2%
we
79.7%
in
79.3%
in
79.3%
my
77.9%
my
77.9%
my
77.9%
for
77.9%
for
77.9%
Answer
% Correct
asked
75.7%
asked
75.7%
Beatles.
75.7%
asked
75.7%
at
74.3%
at
74.3%
couldn't
73.9%
looking
73.4%
looking
73.4%
looking
73.4%
under
73%
under
73%
find
73%
Timothy
73%
We're
73%
You're
72.5%
looked
72.1%
looked
72.1%
help
71.6%
why.
71.6%
Leary,
71.2%
man.
70.7%
Bobby
70.3%
tables,
69.8%
Dylan,
69.8%
either.
69.8%
how
69.8%
how
69.8%
chairs,
68.5%
or
68.5%
tried
67.1%
million
67.1%
each
67.1%
when
66.2%
when
66.2%
fifty
65.8%
other
65.8%
never
64.9%
key
64%
fables.
63.5%
People
63.1%
smile.
62.6%
really
62.6%
smile?
62.6%
got
62.2%
hand.
61.7%
their
60.8%
it's
60.4%
shake
59.9%
desperate
59.5%
'cause
58.6%
this
58.1%
wanna
57.2%
hate
56.8%
ain't
56.8%
face,
56.3%
anger.
55%
cry.
54.5%
ransack
54.1%
homes
54.1%
tend
53.6%
raise
53.6%
voice
52.7%
on
51.8%
good,
50.9%
bad
50.9%
values
50.9%
happy
49.1%
life's
46.8%
Yeah,
44.6%
learned
43.7%
miles
43.2%
investigating
42.8%
nowhere,
36.9%
Focusing
27.9%
Quiz Playlist
Details
Report
Send in Message
Add To Playlist
Classic:
Type in answers that appear in a list
Last Updated: Feb 16, 2017
Quiz Scoreboard
CHALLENGE
Sign Up to Join the Scoreboard
Show All
Scores
Hide
Comments
May contain spoilers
Recently Published
Click the 1999 NBA Draft
by nibperrychub
Sports
2m
Alphabetical 'K' Countries by Flag Minefield
by ylime102
Geography
3m
Pick 6: Fruits
by JohnFran
Miscellaneous
15s
More to Explore
Quiz From the Vault
Featured Blog Post
15 Basketball Trivia Facts You Can Be March Mad About
hide this ad
You Might Also Like...
Tags
Rock Quiz
Classic Rock
The Who
Today's Top Quizzes in Music
Browse Music
hide this ad
Today's Top Quizzes in Rock
Browse Rock
Top Contributed Quizzes in Music
1
Taylor Swift All Songs (2024)
2
A Taylor Swift Logic Puzzle
3
KPOP LOGIC QUIZ
4
Taylor Swift Logic Puzzle
5
NCT 2020 Logic Puzzle
6
Guess the Taylor Swift song (Mystery Song)
7
Joni Mitchell—'Car on a Hill' Lyrics
8
Guess The Taylor Swift Lyrics Song #1
9
Lana Del Rey songs - match the song with the album
10
kpop group name match up
Explore More
Trending Topics
Crossword
Marvel
Anime
NBA
Kpop
Harry Potter
Disney
The Office
Soccer
Country
Pokémon
WWE
Song
NFL
Puzzle
hide this ad
More By:
amcarthy1
Quiz
Plays
Rating
Category
Featured
Created
5:15 Lyrics
222
4.50
Music
Oct 23, 2013
The Seeker Lyrics
222
5.00
Music
Oct 22, 2013
I Can See For Miles Lyrics
209
5.00
Music
Oct 21, 2013
Go to Creator's Profile
Score Distribution
Quiz Creator Spotlight
amcarthy1
Follow
Send a Message
Quizzes Created
-
Created Quiz Play Count
-
More By This Creator
Popular Quizzes Today
1
Find the US States - No Outlines Minefield
2
Countries of Asia Without Outlines Minefield
3
Pick 6: Fruits
4
The Countries of the World
5
Alphabetical 'K' Countries by Flag Minefield
6
Click the 1999 NBA Draft
7
Match the Book to the Film X
8
Find the US States
More Music Quizzes
Buildings In Song Lyrics
Published
Trending Quizzes
Pick 6: Harry Potter
Pick 6: Mountains
Pick 6: NFL Teams
Pick 6: Movie Franchises
Pick 6: Golfers
Recently Updated
Women's Final Four Teams by Year
bhenderson79
Presidents Quartet II
eogle
Anything But Clue(do)
eogle
Anything But Oceanian Capitals
eogle
Anything But 7
eogle
Anything But Thing
eogle
Word Ladder: February 29
pecheneg
Song Title Questions
pecheneg
Women's NCAA Tournament #1 Seeds
pecheneg
Celebrity Mug Shots
pecheneg
Trending Topics
Disney
Marvel
Kpop
Harry Potter
NBA
Crossword
Anime
Soccer
Pokémon
The Office
Song
Country
Puzzle
NFL
WWE
Your Account Isn't Verified!
In order to create a playlist on Sporcle, you need to verify the email address you used during registration. Go to your
Sporcle Settings
to finish the process.
Report this User
Report this user for behavior that violates our
Community Guidelines
.
Details:
Send Report
Go to the Sporcle.com Mobile Site →
Comments